| 000 | 00329nam a22001337a 4500 | ||
|---|---|---|---|
| 020 | _qPB. | ||
| 040 | _cFIZZA ISHAQ | ||
| 082 |
_a005.133 _bIVO |
||
| 100 |
_aHORTON,IVOR. _976370 |
||
| 245 |
_aIVOR HORTON,S BEGINNING VISUAL C++ / _cIVOR HORTON. |
||
| 260 |
_aJOHN WILEY & SONS ; _c2013. |
||
| 300 | _a917 P. ; | ||
| 942 |
_2ddc _cBK |
||
| 999 |
_c589306 _d589306 |
||